000 00570nam a2200205 a 4500
005 20140310183352.0
008 120911s19uu xx 00 eng d
020 _a9789381460160
050 _aTX 911
_b.Y12 2012
100 _aYadav, Abhay
245 _aHospitality networking /
_cAbhay Yadav.
250 _a1st ed.
260 _aNew Delhi, India :
_bCentrum Ppress,
_c2012.
300 _a256 p. :
_c22 cm.
521 _aTOU
650 _aHospitality industry
_xManagement
650 _aHospitality industry
_xNetworks
942 _cBK
_2lcc
_kFOR
999 _c22118
_d22118